[Event "IOM Open-Masters 2017"]
[Site "Douglas"]
[Date "2017.10.01"]
[Round "9"]
[White "Babar, Michael"]
[Black "Loew, Gerald"]
[Result "0-1"]
[WhiteElo "2130"]
[BlackElo "2262"]
[Annotator "NA"]
[PlyCount "66"]
[EventDate "2017.??.??"]
[EventType "swiss"]
[EventCountry "GBR"]
[SourceTitle "playchess.com"]
[Source "ChessBase"]
[SourceQuality "1"]

1. Nf3 d6 2. e4 Nf6 3. Nc3 e5 4. d4 Nbd7 5. dxe5 dxe5 6. Bg5 Bb4 7. Qd3 c6 8. Nd2 h6 9. Bh4 O-O 10. f3 Qe7 11. Ncb1 Nc5 12. Qc4 b5 13. Bxf6 gxf6 14. Qe2 Ne6 15. g3 a5 16. Bg2 Bc5 17. Nb3 Bb6 18. a4 Ba6 19. Qd2 bxa4 20. Rxa4 Bb5 21. Ra1 a4 22. Nc1 Rfd8 23. Nd3 Bxd3 24. cxd3 Nc5 25. Ra3 Ba5 26. Nc3 Nxd3+ 27. Kf1 Qc5 28. Qe2 Bb4 29. Ra1 Bxc3 30. bxc3 Qxc3 31. Qa2 a3 32. h4 Nb4 33. Qb1 a2 0-1

[Event "IOM Open-Masters 2017"]
[Site "Douglas"]
[Date "2017.10.01"]
[Round "9"]
[White "Coathup, Roger H"]
[Black "Player, Edmund C"]
[Result "0-1"]
[WhiteElo "2125"]
[BlackElo "2202"]
[Annotator "NA"]
[PlyCount "58"]
[EventDate "2017.??.??"]
[EventType "swiss"]
[EventCountry "GBR"]
[SourceTitle "playchess.com"]
[Source "ChessBase"]
[SourceQuality "1"]

1. c4 e5 2. g3 Nf6 3. Bg2 d5 4. cxd5 Nxd5 5. Nc3 Nb6 6. Nf3 Nc6 7. O-O Be7 8. d3 O-O 9. Be3 Be6 10. Ne4 Nd5 11. Bc5 b6 12. Bxe7 Ndxe7 13. b4 f6 14. a3 Qd7 15. Qc2 Rac8 16. Rfd1 Rfd8 17. Qb2 a5 18. Rac1 axb4 19. axb4 Nd5 20. b5 Na7 21. d4 Qxb5 22. Qxb5 Nxb5 23. dxe5 Bf5 24. Nh4 Bxe4 25. Bxe4 Ndc3 26. Rxd8+ Rxd8 27. Bf3 fxe5 28. Rc2 g6 29. Bc6 Nd4 0-1

[Event "IOM Open-Masters 2017"]
[Site "Douglas"]
[Date "2017.10.01"]
[Round "9"]
[White "Fischer, Daniel"]
[Black "Seyfried, Claus"]
[Result "0-1"]
[WhiteElo "2116"]
[BlackElo "2173"]
[Annotator "NA"]
[PlyCount "68"]
[EventDate "2017.??.??"]
[EventType "swiss"]
[EventCountry "GBR"]
[SourceTitle "playchess.com"]
[Source "ChessBase"]
[SourceQuality "1"]

1. e4 e5 2. Nf3 Nc6 3. Bc4 Nf6 4. d3 d5 5. exd5 Nxd5 6. O-O Bc5 7. h3 O-O 8. Re1 Nb6 9. Bb3 Qf6 10. Nbd2 Qg6 11. Ne4 Be7 12. Ng3 a5 13. c3 a4 14. Bc2 f5 15. d4 e4 16. d5 Rd8 17. Nxe4 fxe4 18. Bxe4 Qh5 19. Qe2 Nxd5 20. c4 Nf6 21. Bxc6 Bb4 22. Bd5+ Nxd5 23. Rd1 Bxh3 24. gxh3 Re8 25. Qd3 Nf6 26. Kg2 c6 27. Bf4 Ne4 28. Qd7 Bc5 29. Bg3 Nxg3 30. Kxg3 Re2 31. Nd4 Rf8 32. Nxe2 Qxe2 33. Qd2 Rf3+ 34. Kh4 Qe4+ 0-1

[Event "IOM Open-Masters 2017"]
[Site "Douglas"]
[Date "2017.10.01"]
[Round "9"]
[White "Maroroa, Sue"]
[Black "Watson, John L"]
[Result "1/2-1/2"]
[WhiteElo "2083"]
[BlackElo "2247"]
[Annotator "NA"]
[PlyCount "48"]
[EventDate "2017.??.??"]
[EventType "swiss"]
[EventCountry "GBR"]
[SourceTitle "playchess.com"]
[Source "ChessBase"]
[SourceQuality "1"]

1. e4 e6 2. d4 d5 3. Nd2 Nf6 4. e5 Nfd7 5. Bd3 c5 6. c3 Nc6 7. Ngf3 g6 8. h4 h6 9. Qe2 Qb6 10. Qe3 Bg7 11. O-O O-O 12. Rd1 cxd4 13. cxd4 f6 14. Bxg6 fxe5 15. Nb3 Nxd4 16. Nfxd4 exd4 17. Nxd4 Nc5 18. Nb3 Nxb3 19. axb3 Qxe3 20. Bxe3 Bxb2 21. Rxa7 Rxa7 22. Bxa7 Bf6 23. h5 Bd7 24. Bd4 Bxd4 1/2-1/2

[Event "IOM Open-Masters 2017"]
[Site "Douglas"]
[Date "2017.10.01"]
[Round "9"]
[White "Byron, Alan M"]
[Black "Yoo, Christopher Woojin"]
[Result "1/2-1/2"]
[WhiteElo "2074"]
[BlackElo "2254"]
[Annotator "NA"]
[PlyCount "89"]
[EventDate "2017.??.??"]
[EventType "swiss"]
[EventCountry "GBR"]
[SourceTitle "playchess.com"]
[Source "ChessBase"]
[SourceQuality "1"]

1. c4 Nf6 2. Nc3 d5 3. cxd5 Nxd5 4. Nf3 g6 5. Qa4+ Nc6 6. Ne5 Qd6 7. Nxc6 Qxc6 8. Qxc6+ bxc6 9. g3 Bg7 10. Bg2 Be6 11. b3 O-O-O 12. Bb2 Nxc3 13. Bxc3 Bxc3 14. dxc3 Rd6 15. Rd1 c5 16. Rxd6 cxd6 17. c4 Kc7 18. Kd2 Bd7 19. Re1 a5 20. a4 e6 21. Kc3 Bc6 22. Bxc6 Kxc6 23. e4 e5 24. Kd3 Kd7 25. Rc1 Ke6 26. Ke2 f5 27. f3 h5 28. Kf2 g5 29. Rd1 Rf8 30. exf5+ Rxf5 31. Ke3 g4 32. f4 exf4+ 33. gxf4 d5 34. Rg1 Rf7 35. cxd5+ Kxd5 36. Rd1+ Ke6 37. Ke4 h4 38. Rg1 Rb7 39. Rxg4 Rb4+ 40. Kd3 Rxb3+ 41. Kc4 Rb4+ 42. Kxc5 Kf5 43. Rxh4 Rxa4 44. Rh8 Rxf4 45. Rf8+ 1/2-1/2

[Event "IOM Open-Masters 2017"]
[Site "Douglas"]
[Date "2017.10.01"]
[Round "9"]
[White "Thilakarathne, G M H"]
[Black "Osmanodja, Filiz"]
[Result "0-1"]
[WhiteElo "2053"]
[BlackElo "2245"]
[Annotator "NA"]
[PlyCount "90"]
[EventDate "2017.??.??"]
[EventType "swiss"]
[EventCountry "GBR"]
[SourceTitle "playchess.com"]
[Source "ChessBase"]
[SourceQuality "1"]

1. e4 e5 2. Nf3 Nc6 3. Bb5 a6 4. Ba4 Nf6 5. O-O b5 6. Bb3 Be7 7. d4 exd4 8. e5 Ng4 9. Bd5 Rb8 10. Re1 Nb4 11. Qxd4 Nxd5 12. Qxg4 Kf8 13. Nd4 Rb6 14. Nd2 Rg6 15. Qe4 Bb7 16. N2f3 Qa8 17. Qf5 c5 18. Ne2 Ne3 19. Bxe3 Bxf3 20. Nf4 Bxg2 21. Nxg6+ hxg6 22. Qg4 Bh3 23. Qg3 Bh4 24. Bxc5+ Ke8 25. Qxh3 Bxf2+ 26. Bxf2 Rxh3 27. Bg3 Qc6 28. c3 g5 29. Rad1 Rh6 30. Rd4 Re6 31. Red1 f5 32. exf6 gxf6 33. R1d2 f5 34. Rd5 f4 35. Bf2 f3 36. Rxg5 Qe4 37. h4 Qb1+ 38. Kh2 Qc1 39. Rd3 Qf4+ 40. Kg1 Qc1+ 41. Kh2 Qf4+ 42. Kg1 Re2 43. Rd1 Rxb2 44. Rg8+ Kf7 45. Rg5 d5 0-1

[Event "IOM Open-Masters 2017"]
[Site "Douglas"]
[Date "2017.10.01"]
[Round "9"]
[White "Prueske, Wolfgang"]
[Black "Kruse, Janik"]
[Result "0-1"]
[WhiteElo "2046"]
[BlackElo "2096"]
[Annotator "NA"]
[PlyCount "76"]
[EventDate "2017.??.??"]
[EventType "swiss"]
[EventCountry "GBR"]
[SourceTitle "playchess.com"]
[Source "ChessBase"]
[SourceQuality "1"]

1. e4 Nc6 2. Nf3 e5 3. d4 exd4 4. Nxd4 Nf6 5. Nxc6 bxc6 6. Qe2 Be7 7. e5 Nd5 8. Qg4 g6 9. Bh6 d6 10. Qe2 Be6 11. Nd2 Bg5 12. Bxg5 Qxg5 13. Nf3 Qf4 14. c4 Nb6 15. b3 O-O 16. g3 Qh6 17. Bg2 d5 18. c5 Nd7 19. O-O Bg4 20. Qa6 Bxf3 21. Bxf3 Nxe5 22. Bg2 Rfe8 23. Rfe1 Qd2 24. Red1 Qb4 25. Rac1 Re6 26. h3 Nd7 27. Qd3 Nxc5 28. Qc3 Qxc3 29. Rxc3 Na6 30. Rdc1 Nb4 31. Ra1 Rae8 32. Bf1 Rd6 33. a3 d4 34. Rc4 d3 35. Rcc1 d2 36. Rd1 Nc2 37. Rab1 Re1 38. Kg2 Nxa3 0-1

[Event "IOM Open-Masters 2017"]
[Site "Douglas"]
[Date "2017.10.01"]
[Round "9"]
[White "Mai, Aron Thor"]
[Black "Dahl, Baard"]
[Result "0-1"]
[WhiteElo "2039"]
[BlackElo "1974"]
[Annotator "NA"]
[PlyCount "56"]
[EventDate "2017.??.??"]
[EventType "swiss"]
[EventCountry "GBR"]
[SourceTitle "playchess.com"]
[Source "ChessBase"]
[SourceQuality "1"]

1. e4 e5 2. Nf3 Nc6 3. d4 exd4 4. Nxd4 Bb4+ 5. c3 Bc5 6. Be3 Bb6 7. Nf5 g6 8. Bxb6 axb6 9. Ne3 Nf6 10. f3 Qe7 11. Be2 Qc5 12. Qd2 O-O 13. c4 Nb4 14. Nc3 Qxe3 15. Qd1 d6 16. a3 Nc6 17. Rc1 Nd4 18. Kf1 c6 19. Qe1 Nh5 20. Rd1 Nf4 21. Rd2 Nfxe2 22. Nxe2 Nxe2 23. Rxe2 Qd3 24. h4 Be6 25. Kg1 Qd4+ 26. Re3 Qxb2 27. h5 Rxa3 28. hxg6 Ra1 0-1

[Event "IOM Open-Masters 2017"]
[Site "Douglas"]
[Date "2017.10.01"]
[Round "9"]
[White "Harari, Zaki"]
[Black "Bianco, Valerio"]
[Result "1/2-1/2"]
[WhiteElo "2027"]
[BlackElo "2086"]
[Annotator "NA"]
[PlyCount "123"]
[EventDate "2017.??.??"]
[EventType "swiss"]
[EventCountry "GBR"]
[SourceTitle "playchess.com"]
[Source "ChessBase"]
[SourceQuality "1"]

1. e4 c6 2. d3 d5 3. Qe2 dxe4 4. dxe4 e5 5. f4 Nd7 6. Nf3 Bd6 7. Nc3 Qc7 8. f5 Ngf6 9. g4 h6 10. a3 a5 11. Qg2 Nc5 12. Nd2 b5 13. Be2 Bb7 14. h4 Nfd7 15. g5 hxg5 16. hxg5 O-O-O 17. Rxh8 Rxh8 18. a4 b4 19. Nd1 Nb6 20. b3 Ba6 21. Bxa6+ Nxa6 22. Bb2 Bc5 23. Nf3 f6 24. Qf1 Kb7 25. Nf2 Be3 26. Nd3 Nd7 27. Ke2 Ba7 28. Qg2 Nac5 29. Nxc5+ Nxc5 30. Nd2 Rh5 31. gxf6 gxf6 32. Re1 Qh7 33. Kd1 Rh2 34. Qf3 Rh3 35. Qf1 Rh4 36. Qf3 Rh3 37. Qf1 Rh4 38. Qc4 Nd7 39. c3 Bf2 40. Re2 Bc5 41. Qe6 Rh3 42. Nc4 Kc7 43. Nxa5 Rd3+ 44. Kc2 Rd6 45. Qc4 Qh1 46. Rd2 Rxd2+ 47. Kxd2 Qb1 48. Bc1 bxc3+ 49. Qxc3 Qxe4 50. Nc4 Qg2+ 51. Kd1 Qf1+ 52. Kd2 Qf2+ 53. Kd1 Kd8 54. Qd3 Ke7 55. Bd2 Bd4 56. b4 Qg1+ 57. Kc2 Qa1 58. Qb3 Qf1 59. Qd3 Qa1 60. Qb3 Qf1 61. Qd3 Qa1 62. Qb3 1/2-1/2

[Event "IOM Open-Masters 2017"]
[Site "Douglas"]
[Date "2017.10.01"]
[Round "9"]
[White "Zahn, Alina"]
[Black "Arakhamia-Grant, Ketevan"]
[Result "0-1"]
[WhiteElo "2025"]
[BlackElo "2369"]
[Annotator "NA"]
[PlyCount "100"]
[EventDate "2017.??.??"]
[EventType "swiss"]
[EventCountry "GBR"]
[SourceTitle "playchess.com"]
[Source "ChessBase"]
[SourceQuality "1"]

1. e4 c5 2. Ne2 e6 3. g3 d5 4. Bg2 dxe4 5. O-O Nf6 6. Nbc3 Be7 7. Nxe4 Nc6 8. d3 O-O 9. Be3 Qb6 10. Rb1 Nd5 11. Bd2 Rd8 12. Nf4 Nxf4 13. Bxf4 c4 14. Qh5 cxd3 15. Ng5 Bxg5 16. Bxg5 dxc2 17. Rbc1 Qc5 18. Qh4 Rd4 19. g4 Bd7 20. Be3 Qc4 21. h3 Rc8 22. b3 Qd3 23. Rfe1 h6 24. Qg3 Rb4 25. Bf1 Qc3 26. Re2 Nd4 27. Bxd4 Qxg3+ 28. fxg3 Rxd4 29. Rexc2 Rxc2 30. Rxc2 Bc6 31. Kf2 Kf8 32. Ke3 Rd1 33. Ke2 Ra1 34. Kf2 Ke7 35. Rd2 Rc1 36. h4 Rc3 37. Be2 g5 38. h5 Bd5 39. Rb2 Kd6 40. Rd2 Kc5 41. Bd1 a5 42. Rb2 Kb4 43. Rd2 b6 44. Rd4+ Kc5 45. Rd2 e5 46. Re2 Kd4 47. Bc2 Rf3+ 48. Ke1 Rxg3 49. Bf5 Rg1+ 50. Kd2 Bf3 0-1

[Event "IOM Open-Masters 2017"]
[Site "Douglas"]
[Date "2017.10.01"]
[Round "9"]
[White "Nahnsen, Kenneth"]
[Black "Acosta, Mariano"]
[Result "1/2-1/2"]
[WhiteElo "2011"]
[BlackElo "2000"]
[Annotator "NA"]
[PlyCount "90"]
[EventDate "2017.??.??"]
[EventType "swiss"]
[EventCountry "GBR"]
[SourceTitle "playchess.com"]
[Source "ChessBase"]
[SourceQuality "1"]

1. Nf3 Nf6 2. g3 d5 3. Bg2 c6 4. O-O Bg4 5. Ne5 Bh5 6. d4 Nbd7 7. c4 e6 8. Nxd7 Qxd7 9. cxd5 cxd5 10. Nc3 Be7 11. Qb3 O-O 12. Bf4 Bg6 13. Rac1 Rac8 14. Rfd1 Rc6 15. f3 Rfc8 16. e4 Rb6 17. Qa4 Qxa4 18. Nxa4 Rbc6 19. e5 Nd7 20. Rxc6 Rxc6 21. Rc1 f6 22. Rxc6 bxc6 23. Bh3 Kf7 24. exf6 gxf6 25. Kf2 Bc2 26. b3 c5 27. dxc5 Nxc5 28. Be3 Nxa4 29. bxa4 a5 30. Bd2 Bc5+ 31. Ke1 Bb6 32. Bf1 Bxa4 33. Bd3 Bc6 34. Bxh7 f5 35. Bh6 d4 36. g4 Bxf3 37. gxf5 e5 38. Bg6+ Kg8 39. f6 Bd5 40. a4 Bc7 41. h4 e4 42. f7+ Bxf7 43. Bxe4 Bg3+ 44. Ke2 Bxh4 45. Kd3 Be8 1/2-1/2

[Event "IOM Open-Masters 2017"]
[Site "Douglas"]
[Date "2017.10.01"]
[Round "9"]
[White "Hopson, Kevin Mike"]
[Black "Birkisson, Bardur Orn"]
[Result "1/2-1/2"]
[WhiteElo "1929"]
[BlackElo "2164"]
[Annotator "NA"]
[PlyCount "69"]
[EventDate "2017.??.??"]
[EventType "swiss"]
[EventCountry "GBR"]
[SourceTitle "playchess.com"]
[Source "ChessBase"]
[SourceQuality "1"]

1. e4 e5 2. Nf3 Nc6 3. d4 exd4 4. Nxd4 Nf6 5. Nc3 Bb4 6. Nxc6 bxc6 7. Bd3 d5 8. exd5 cxd5 9. O-O O-O 10. h3 c6 11. Qf3 Bd6 12. Ne2 Nd7 13. Bf4 Nc5 14. Rfd1 Bxf4 15. Qxf4 Ne6 16. Qg3 Qf6 17. b3 Bb7 18. c4 d4 19. b4 c5 20. a3 a5 21. bxc5 Rfd8 22. Rab1 Bc6 23. Rb6 Nxc5 24. Qf4 Qxf4 25. Nxf4 Rac8 26. Bf5 Bd7 27. Bxd7 Rxd7 28. Nd5 d3 29. Rb5 Ra7 30. Nb6 Rc6 31. Na4 Rac7 32. Nxc5 Rxc5 33. Rxc5 Rxc5 34. Rxd3 Kf8 35. Rd4 1/2-1/2

[Event "IOM Open-Masters 2017"]
[Site "Douglas"]
[Date "2017.10.01"]
[Round "9"]
[White "Vignesh B"]
[Black "Jonsson, Gauti Pall"]
[Result "1-0"]
[WhiteElo "1712"]
[BlackElo "2011"]
[Annotator "NA"]
[PlyCount "71"]
[EventDate "2017.??.??"]
[EventType "swiss"]
[EventCountry "GBR"]
[SourceTitle "playchess.com"]
[Source "ChessBase"]
[SourceQuality "1"]

1. d4 Nf6 2. Bf4 g6 3. Nc3 d5 4. Qd2 Bg7 5. Bh6 O-O 6. Bxg7 Kxg7 7. f3 c5 8. dxc5 Nc6 9. e4 dxe4 10. Nxe4 Nxe4 11. fxe4 Qxd2+ 12. Kxd2 Rd8+ 13. Bd3 Be6 14. Nf3 Rac8 15. a3 a5 16. b3 Bg4 17. Ke3 Bxf3 18. gxf3 Nd4 19. b4 e5 20. Rhd1 f5 21. c3 f4+ 22. Kf2 Ne6 23. Bc4 Rxd1 24. Rxd1 Nxc5 25. bxc5 Rxc5 26. Rd7+ Kf6 27. Bd5 g5 28. Rd6+ Kg7 29. c4 b5 30. Rc6 Rxc6 31. Bxc6 bxc4 32. Bd7 h5 33. h3 Kf6 34. Ke2 g4 35. Bxg4 hxg4 36. hxg4 1-0